| 000 | 00684nam a2200193Ia 4500 | ||
|---|---|---|---|
| 003 | GCL | ||
| 008 | 140319s9999 xx 000 0 ara d | ||
| 040 |
_aGCL / _cGCL |
||
| 082 | 0 | 4 |
_a358.39 _bم ا |
| 100 | 1 | _aممدوح عبدالغفور حسن | |
| 245 | 1 | 0 |
_aالاسلحة النووية ومعاهدة عدم انتشارها / _cممدوح عبدالغفور حسن |
| 260 |
_aالقاهرة : _bالشركة العربية للنشر والتوزيع ، _c1995 |
||
| 300 | _a109 ص | ||
| 490 | _a | ||
| 650 | 0 | 4 | _aالحرب الذرية |
| 650 | 0 | 4 | _aالاسلحة الكيميائية |
| 650 | 0 | 4 | _aالاسلحة الذرية ونزع السلاح |
| 942 |
_2ddc _cBK |
||
| 999 |
_c45804 _d45804 |
||